000 00486nam a2200217Ia 4500
003 OSt
005 20220923230713.0
006 a|||||r|||| 00| 0
007 ta
008 Pun
024 _a304,898
037 _cTextual
040 _aARTS
_cARTS
_bPun
041 _2Pun
_aPun
082 _aS5:5, 153M0
100 _aਪੁਰੀ
245 0 _aਸੇਜ ਹੁਲਾਹ
260 _c1980
942 _hS5:5, 153M0
_cTEXL
_2CC
999 _c386705
_d386705